All NFL 2021 Draft Team - Statistics

General Stats
  • This quiz has been taken 16 times
  • The average score is 18 of 32
Answer Stats
Picture Answer % Correct
DeVonta Smith
100%
Ja'Marr Chase
100%
Mac Jones
100%
Najee Harris
100%
Amon-Ra St. Brown
93%
Kyle Pitts
93%
Micah Parsons
93%
Jaylen Waddle
86%
Javonte Williams
79%
Patrick Surtain
79%
Penei Sewell
79%
Rashawn Slater
79%
Creed Humphrey
57%
Elijah Mitchell
57%
Evan McPherson
57%
Odafe Oweh
57%
Pat Freiermuth
57%
Alijah Vera-Tucker
50%
Nick Bolton
50%
Jevon Holland
43%
Asante Samuel
36%
Christian Barmore
36%
Greg Rousseau
36%
Jeremiah Owusu-Koramoah
36%
Jaelan Phillips
29%
Michael Carter
29%
Trevon Moehrig
29%
Azeez Ojulari
14%
Nate Hobbs
14%
Pressley Harvin
14%
Camaron Cheeseman
7%
Royce Newman
0%
No matching quizzes found
Score Distribution
Percent of People with Each Score
Percentile by Number Answered
Your Score History
You have not taken this quiz